Countries that got Independence from the United States. - Statistics

General Stats
  • This quiz has been taken 29 times
  • The average score is 5 of 6
Answer Stats
Date of Independence from the US Country % Correct
May 20, 1902 Cuba
93%
July 4, 1946 Philippines
90%
October 1, 1994 Palau
76%
December 22, 1990 Marshall Islands
72%
December 22, 1990 Federated States of Micronesia
69%
July 26, 1847 Liberia
52%
No matching quizzes found
Score Distribution
Percent of People with Each Score
Percentile by Number Answered
Your Score History
You have not taken this quiz